| 000 | 00488nam a22001817a 4500 | ||
|---|---|---|---|
| 003 | BDDh-ASL | ||
| 005 | 20231015031027.0 | ||
| 008 | 220929n p ||||| |||| 00| 0 urd d | ||
| 040 |
_aBDDh-ASL _cBDDh-ASL |
||
| 041 | _aurd | ||
| 082 |
_a297 _bWAL |
||
| 100 | 1 |
_94840 _aWahiduzzaman |
|
| 245 | 1 | 0 | _aLughatul Hadis : / لغات الحديث |
| 260 |
_aKarachi : _bKarakhana-e Tijarat-e Kutub, |
||
| 300 |
_a520 p. : _c25 cm. |
||
| 650 | 0 |
_96649 _aHadith, Lexicon |
|
| 942 |
_2ddc _cBK |
||
| 999 |
_c29403 _d29403 |
||